000 00675nam a22001817a 4500
003 UA-OsUOA
001 16382
007 ta
008 20040104b un ||||| |||| 00| 0 ukr d
100 _aГлущук В.
942 _cSA
040 _aUA-OsUOA
_cUA-OsUOA
_dUA-OsUOA
245 _a"Пошта - як повітря: коли нема, тоді й відчуваєш її важливість": [Розмова з дир. Рівнен. дирекції ДППЗ "Укрпошта" В. Глущуком]
300 _aС.19
955 _a0
773 0 _w0
_tРівне вечірнє
_dРівне
_d2003
_g№94/ 19 груд./
650 7 _aЗв'язок
_2UDC
999 _c302547
_d302547